| 000 | 00622nam a2200205Ii 4500 | ||
|---|---|---|---|
| 003 | JO-AjNU | ||
| 008 | 230605s9999||||xx |||||||||||||| ||und|| | ||
| 017 | _a1989/428 | ||
| 040 |
_aJO-AjNU _bara _erda _cJO-AjNU |
||
| 041 | _aara | ||
| 050 | 1 | 4 | _aBP.S5388 |
| 100 | 3 |
_aالشوكاني،محمد بن علي, _eauthor _934587 |
|
| 245 | 0 | 0 | _aالقول المفيد في أدلة الإجتهاد والتقليد |
| 264 | 3 | 1 | _aد.م :د.ن،د.ت |
| 300 | _a36ص | ||
| 336 |
_atext _btxt _2rdacontent |
||
| 337 |
_aunmediated _bn _2rdamedia |
||
| 338 |
_avolume _bnc _2rdacarrier |
||
| 650 | 4 |
_aالاجتهاد _934588 |
|
| 999 |
_aA14197 _c17765 _d17765 |
||